000 00680nam a2200205Ia 4500
005 20220509153040.0
008 210716s2007 xx 000 0 und d
020 _a9780761935988
040 _cAIMIT LIBRARY
041 _aeng
082 _a658.3125
_22
_bSANS
100 _aSanghi, Seema.
_935139
245 _aHandbook of competency mapping :
_bunderstanding, designing and implementing competency models in organizations /
_cBy Seema Sanghi.
250 _a2nd ed.
260 _aNew Delhi
_bResponse Books
_c2009
300 _axx, 227p. ;
_c21.5 cm.
650 _aCompetency
_935140
650 _aGeneric Competency Dictionary
_935141
942 _2ddc
_cBK
_e2nd
_k658.3125 SANS
999 _c202612
_d202612